Những bài học nhỏ từ tư tưởng lớn Hồ Chí Minh
Sự cần thiết phải học tập tư tưởng, đạo đức Hồ Chí Minh; Xây dựng và phát huy vai trò của Đảng Cộng sản Việt Nam; Xây dựng nhà nước pháp quyền xã hội chủ nghĩa của nhân dân, do nhân dân, vì nhân dân; Vi trí vai trò của nhân dân...
Spremljeno u:
| Glavni autor: | |
|---|---|
| Format: | Knjiga |
| Jezik: | Undetermined |
| Izdano: |
H.
Chính trị Quốc gia - Sự thật
2014
|
| Teme: | |
| Online pristup: | http://lrc.tdmu.edu.vn/opac/search/detail.asp?aID=2&ID=24672 |
| Oznake: |
Dodaj oznaku
Bez oznaka, Budi prvi tko označuje ovaj zapis!
|
| Thư viện lưu trữ: | Trung tâm Học liệu Trường Đại học Thủ Dầu Một |
|---|
| LEADER | 01068nam a2200205Ia 4500 | ||
|---|---|---|---|
| 001 | TDMU_24672 | ||
| 008 | 210410s9999 xx 000 0 und d | ||
| 082 | |a 335.4346 | ||
| 090 | |b TR121 | ||
| 100 | |a Trần, Quang Nhiếp | ||
| 245 | 0 | |a Những bài học nhỏ từ tư tưởng lớn Hồ Chí Minh | |
| 245 | 0 | |c Trần Quang Nhiếp | |
| 260 | |a H. | ||
| 260 | |b Chính trị Quốc gia - Sự thật | ||
| 260 | |c 2014 | ||
| 300 | |a 300tr. | ||
| 520 | |a Sự cần thiết phải học tập tư tưởng, đạo đức Hồ Chí Minh; Xây dựng và phát huy vai trò của Đảng Cộng sản Việt Nam; Xây dựng nhà nước pháp quyền xã hội chủ nghĩa của nhân dân, do nhân dân, vì nhân dân; Vi trí vai trò của nhân dân | ||
| 650 | |a Tư tưởng Hồ Chí Minh |x Lí luận |x Học tập | ||
| 856 | |u http://lrc.tdmu.edu.vn/opac/search/detail.asp?aID=2&ID=24672 | ||
| 980 | |a Trung tâm Học liệu Trường Đại học Thủ Dầu Một | ||